000 00414nam a2200157Ia 4500
003 GCL
008 140319s9999 xx 000 0 eng d
040 _aGCL /
_cGCL
082 0 4 _a155
_bK D
100 1 _aKELLER, FRED S
245 1 0 _aTHE DEFINITION OF PSYCHOLOGY /
_cKELLER, FRED S
260 _a[S.N] :
_bPRENTICE HALL, INC ،
_c1973
300 _a149 P
650 0 4 _aDEFINITION OF PSYCHOLOGY
942 _2ddc
_cBK
999 _c14874
_d14874